000 00717cab a2200241 4500
001 WB3012-35
008 090401t1994 xxu||||| |||| 00| 0 eng d
035 _a(Sirsi) u10841
041 _aeng
245 _aSmall premises hit by City VO
260 _c1994
350 _a0
490 _aEstates Gazette
_v(9411) 19 March 1994, 37(1)
520 _aLow-value City premises of less the 80sq m will no longer be eligible for the scale allowances on the uniform business rate, following a decision by the City VO.
650 _aBUSINESS RATES
650 _aCITY OF LONDON
650 _aREDUCTIONS
650 _aRELIEF
650 _aUBR
690 _aRATING AND VALUATION
942 _n0
948 _c04/03/1997
999 _c6899
_d6899